| 000 | 00576cam a2200181 a 4500 | ||
|---|---|---|---|
| 020 | _a0070203741 | ||
| 020 | _a007020375X (instructor's manual) | ||
| 040 | _cDLC | ||
| 082 | 0 | 0 | _a361 MCG 1990 A017 Or. |
| 100 | 1 | _aFederico, Ronald C. | |
| 245 | 1 | 0 | _aSocial welfare in today's world / |
| 260 |
_aNew York : _bMcGraw-Hill, _cc1990. |
||
| 300 |
_axix, 331 p. : _bill. ; _c24 cm. |
||
| 650 | 0 | _aHuman services | |
| 856 | 4 | 2 | _uhttp://www.loc.gov/catdir/enhancements/fy0602/89012443-d.html |
| 856 | 4 | 1 | _uhttp://www.loc.gov/catdir/enhancements/fy0602/89012443-t.html |
| 942 | _cEK | ||
| 999 |
_c11806 _d11806 |
||